Hướng dẫn tự học Microsoft office powerpoint 2007

Nội dung sách bao gồm các phần hướng dẫn rất chi tiết: Khởi đầu với powerpoint, phát triển nội dung diễn hình, thiết kế một diện mạo, vẽ và chỉnh sửa các hình dạng, chèn hình ảnh và multimedia, chèn các biểu đồ và nội dung, tạo một diê...

Szczegółowa specyfikacja

Zapisane w:
Opis bibliograficzny
Format: Książka
Język:Undetermined
Wydane: Hà Nội Từ điển Bách khoa 2007
Hasła przedmiotowe:
Etykiety: Dodaj etykietę
Nie ma etykietki, Dołącz pierwszą etykiete!
Thư viện lưu trữ: Trung tâm Học liệu Trường Đại học Cần Thơ
LEADER 01059nam a2200181Ia 4500
001 CTU_129365
008 210402s9999 xx 000 0 und d
020 |c 70000 
082 |a 005.3 
082 |b H561 
245 0 |a Hướng dẫn tự học Microsoft office powerpoint 2007 
260 |a Hà Nội 
260 |b Từ điển Bách khoa 
260 |c 2007 
520 |a Nội dung sách bao gồm các phần hướng dẫn rất chi tiết: Khởi đầu với powerpoint, phát triển nội dung diễn hình, thiết kế một diện mạo, vẽ và chỉnh sửa các hình dạng, chèn hình ảnh và multimedia, chèn các biểu đồ và nội dung, tạo một diễn hình web, hoàn thiện một diễn hình, chuẩn bị một side show trình diễn một side show. 
650 |a Presentation graphics software.,Phần mềm đồ hoạ trình diễn 
904 |i Tuyến 
980 |a Trung tâm Học liệu Trường Đại học Cần Thơ